ბათუმის შოთა რუსთაველის სახელმწიფო უნივერსიტეტის ბიბლიოთეკა

ბოტანიკა (ბიბ.ჩანაწერი № 35880)

000 -LEADER
fixed length control field 00470nam a2200193Ia 4500
001 - CONTROL NUMBER
control field 1771
003 - CONTROL NUMBER IDENTIFIER
control field GE_BSU
008 - FIXED-LENGTH DATA ELEMENTS--GENERAL INFORMATION
fixed length control field 181216s||||||||xx |||||||||||||| ||und||
040 ## - CATALOGING SOURCE
Transcribing agency GE_BSU
080 ## - UNIVERSAL DECIMAL CLASSIFICATION NUMBER
Universal Decimal Classification number 58
100 ## - MAIN ENTRY--PERSONAL NAME
Personal name ლორთქიფანიძე, ა.დ.
245 ## - TITLE STATEMENT
Title ბოტანიკა
260 ## - PUBLICATION, DISTRIBUTION, ETC.
Place of publication, distribution, etc. თბილისი
260 ## - PUBLICATION, DISTRIBUTION, ETC.
Date of publication, distribution, etc. 1961
300 ## - PHYSICAL DESCRIPTION
Extent 686 გვ.24 სმ.
653 ## - INDEX TERM--UNCONTROLLED
Uncontrolled term ბოტანიკა
942 ## - ADDED ENTRY ELEMENTS (KOHA)
Koha item type წიგნი
ეგზემპლარები
Withdrawn status Lost status Damaged status Not for loan Date acquired Barcode Date last seen Price effective from Koha item type Public note
        2018-12-17 3574 2018-12-17 2018-12-17 წიგნი დარბაზი